Normal view
MARC view
- زيارة،فريد فهمي
Entry Personal Name
001 - CONTROL NUMBER
- control field: 33166
003 - CONTROL NUMBER IDENTIFIER
- control field: JO-AjAnu
005 - DATE AND TIME OF LATEST TRANSACTION
- control field: 20230606075552.0
008 - FIXED-LENGTH DATA ELEMENTS
- fixed length control field: 230606|| aca||aabn | a|a d
040 ## - CATALOGING SOURCE
- Original cataloging agency: JO-AjAnu
- Transcribing agency: JO-AjAnu
100 ## - HEADING--PERSONAL NAME
- Personal name: زيارة،فريد فهمي
670 ## - SOURCE DATA FOUND
- Source citation: Work cat.: (JO-AjAnu)17039: زيارة،فريد فهمي, author, وظائف منظمات الاعمال مدخل معاصر